000 00299nam a22001337a 4500
008 190129b xxu||||| |||| 00| 0 eng d
020 _a9780944210697
041 _aeng
080 _a371
100 _a46
101 _aEDU
245 _aThe Townsend Thematic Reader
_cHayes,Ch.G
942 _2udc
_cBK
999 _c53814
_d53814